000 00366nam a2200133 a 4500
005 20140414132022.0
008 110315s19uu xx 00 eng d
050 _aTR
_bF51 2001
100 _aMaccarone, Grace
245 _aFirst grade friends : The gym day winner.
260 _aNew York :
_bScholastic ,
_c2001.
440 _aFirst grade friends
999 _c113481
_d113481